Normal view
MARC view
- Global warming
Entry Topical Term
001 - CONTROL NUMBER
- control field: 110263
003 - CONTROL NUMBER IDENTIFIER
- control field: NUST
005 - DATE AND TIME OF LATEST TRANSACTION
- control field: 20230314120624.0
008 - FIXED-LENGTH DATA ELEMENTS
- fixed length control field: 230314|| aca||aabn | a|a d
040 ## - CATALOGING SOURCE
- Original cataloging agency: NUST
- Transcribing agency: NUST
150 ## - HEADING--TOPICAL TERM
- Topical term or geographic name entry element: Global warming
670 ## - SOURCE DATA FOUND
- Source citation: Work cat.: (NUST)0: Barber, Benjamin R., 1939-2017, author. 110261, Cool cities :
